[Event "1st Goa GM Open 2018"]
[Site "Taleigao"]
[Date "2018.10.15"]
[Round "4"]
[White "Amonatov, Farrukh"]
[Black "Rahman, Ziaur"]
[Result "0-1"]
[WhiteElo "2615"]
[BlackElo "2473"]
[Annotator "TA"]
[PlyCount "144"]
[EventDate "2018.10.13"]
[EventType "swiss"]
[EventCountry "IND"]
[SourceTitle "playchess.com"]
[Source "ChessBase"]
[SourceQuality "1"]

{[%evp 19,144,34,95,35,78,0,3,4,17,-8,10,0,2,-35,14,7,10,-27,-12,-22,-35,-37,0,-14,0,0,0,-28,0,0,0,0,0,0,0,0,0,-3,0,-15,-18,-22,-13,-13,40,34,40,0,0,0,15,20,29,0,63,38,38,48,50,38,38,38,38,38,38,38,38,38,38,38,61,19,37,8,18,0,61,61,61,54,105,54,77,0,14,0,0,0,0,0,0,0,8,0,0,0,0,0,0,0,0,0,0,0,-35,-1258,-112,-760,-714,-477,-568,-29972,-29973,-29973,-29974,-29974,-29975,-29975,-29974,-29987,-29988,-29988,-29989,-29989,-29990,-29993,-29994]} 1. e4 c5 2. Nf3 d6 3. d4 cxd4 4. Nxd4 Nf6 5. Nc3 Nc6 6. Bc4 e6 7. Be3 a6 8. Qe2 Na5 9. Bd3 Qc7 10. O-O {B89: Sicilian: Velimirovic Attack} (10. g4 b5 11. g5 Nd7 12. a3 Bb7 13. f4 Nc4 14. Bxc4 Qxc4 15. Qxc4 bxc4 16. Nf3 h6 17. O-O-O hxg5 18. Nxg5 {0-1 (43) Li,Y (2392)-Ding,L (2759) China 2017}) 10... b5 {LiveBook: 4 Games} (10... Be7 $14) 11. f4 (11. Ncxb5 $16 axb5 12. b4 (12. Nxb5 Qb8 $17) (12. Bxb5+ Bd7 $17)) 11... Bb7 12. Bf2 ({White should play} 12. a4 $1 $16 {[%cal Ra4b5]} b4 13. Na2) 12... Be7 $11 13. Rae1 $146 ({Predecessor:} 13. e5 dxe5 14. fxe5 Nd7 15. Rae1 Nc4 16. Nf5 exf5 17. e6 Nf6 18. exf7+ Kxf7 {0-1 (32) Chomet,P (2410)-Aseev,K (2530) Paris 1996}) 13... g6 14. Nf3 O-O 15. Kh1 Rac8 16. Bh4 Nh5 17. Bxe7 Qxe7 18. Qd2 Nc4 19. Bxc4 Rxc4 20. a3 $1 Rfc8 21. f5 e5 22. Qh6 {Threatens to win with Ng5.} Qf8 23. Qg5 Qd8 24. Qh6 {Black must now prevent Ng5.} Qf8 25. Qe3 gxf5 {With the idea ...b4.} 26. Nd2 $1 {[%cal Rd2c4]} f4 27. Qh3 Rxc3 28. bxc3 Ng7 29. Rf3 f5 30. Qh6 fxe4 31. Nxe4 {Hoping for Nf6+.} Bxe4 (31... Ne8 $1 $11 32. Qg5+ Qg7 33. Qxg7+ Kxg7) 32. Rxe4 $14 Re8 33. Qg5 Kh8 34. c4 Ne6 35. Qh5 Ng7 36. Qg5 Re6 (36... Ne6 $11 37. Qh5 Rc8) 37. c5 Rg6 38. Qh4 {Qe1 is the strong threat.} Nf5 39. Qe1 {aiming for cxd6.} Qh6 $1 40. cxd6 Ng3+ $1 41. Rxg3 fxg3 {[%csl Gg3][%cal Rh6h2][%mdl 4096] Endgame KQR-KQR} 42. h3 Rxd6 43. Qxg3 Qg7 44. Qe3 Qc7 45. c3 Rf6 46. Qg5 Qg7 (46... Rf4 {is more complex.} 47. Re1 Qg7 48. Qh5 Rf2 49. Qe8+ Rf8) 47. Qh5 (47. Qd2 {with more complications.} Rf8 48. Qe3 Rg8 49. g4 Re8 50. c4) 47... Re6 (47... Rf2 $11 48. Qe8+ (48. Qxe5 Qxe5 49. Rxe5 Ra2 $11) 48... Rf8) 48. c4 Qg6 49. Qe2 Qe8 (49... bxc4 $14 50. Rxc4 (50. Qxc4 Re8 $14) 50... Qf5) 50. Rg4 ({White should try} 50. c5 $16) 50... Rg6 51. c5 (51. Rf4 $16) 51... Rxg4 $11 52. Qxg4 {KQ-KQ} Qc6 53. Qb4 Kg7 54. Kh2 Kf7 55. Qb3+ Kg7 56. Qg3+ Kf6 57. Qh4+ Kg6 58. Qg3+ (58. Qf2 {seems wilder.} a5 59. Qe3 e4 60. h4 Qe6 61. Qg5+) 58... Kf6 59. Qf2+ Ke6 60. Qa2+ Qd5 61. Qc2 e4 62. Qc1 $2 {[%mdl 8192] [#]} (62. c6 $15 Qd6+ 63. Kg1 Qd4+ 64. Kh2 Qd6+ 65. Kh1) 62... Qe5+ $2 (62... e3 $1 $19 {[%mdl 512] and Black stays clearly on top. Strongly threatening ...Qd2.} 63. Qxe3+ Qe5+ 64. Qxe5+ Kxe5) 63. Kg1 $2 {[%mdl 8192] [#]} (63. g3 $17) 63... Qd4+ $1 $19 64. Kh1 {[#]} e3 $1 {[%cal Re3e2]} 65. Qb1 e2 {Black mates.} 66. Qa2+ Qc4 67. Qd2 Qe4 68. Qd6+ Kf7 69. Qd7+ Kg6 70. Qd6+ Kh5 71. Kh2 e1=Q 72. g4+ Kg5 {Precision: White = 41%, Black = 47%.} 0-1

[Event "1st Goa GM Open 2018"]
[Site "Taleigao"]
[Date "2018.10.15"]
[Round "4"]
[White "Popov, Ivan"]
[Black "Kasparov, Sergey"]
[Result "0-1"]
[WhiteElo "2611"]
[BlackElo "2453"]
[Annotator "TA"]
[PlyCount "58"]
[EventDate "2018.10.13"]
[EventType "swiss"]
[EventCountry "IND"]
[SourceTitle "playchess.com"]
[Source "ChessBase"]
[SourceQuality "1"]

{[%evp 17,58,37,33,26,40,32,32,16,8,4,28,22,34,21,6,-46,131,0,29,-20,-47,-86,-77,-162,-157,-266,-277,-287,-277,-278,-271,-410,-410,-410,-388,-394,-400,-404,-393,-384,-393,-388,-308]} 1. e4 d5 2. exd5 Qxd5 3. Nc3 Qd6 4. d4 Nf6 5. Nf3 c6 6. Ne5 Be6 {B01: Scandinavian Defence} (6... Nbd7 7. f4 Nb6 8. g4 g6 9. Bg2 Bg7 10. O-O O-O 11. f5 Rd8 12. Ne2 Nfd7 13. Nxf7 Kxf7 14. Bf4 {1-0 (43) Safarli,E (2657)-Hera,I (2620) Brest 2018}) 7. Bf4 Qd8 8. Qd2 Nbd7 9. O-O-O g6 {LiveBook: 5 Games} 10. Nxd7 Qxd7 11. Be5 $146 {Strongly threatening d5!} ({Predecessor:} 11. Kb1 Bg7 12. Bh6 O-O 13. Be2 Nd5 14. Ne4 {1-0 (30) Eichler,C (2338)-Ortpaul,M (1946) Nuremberg 2009}) 11... Bg7 12. h4 h5 13. Kb1 Rd8 14. f3 b5 15. Be2 a5 16. d5 ({White should try} 16. Qe3 $11 O-O 17. Bd3) 16... b4 $2 (16... O-O $1 $15 {stays ahead.}) 17. Qe1 (17. Qe3 $16 Bxd5 18. Rxd5 $1 {[%mdl 512]} Nxd5 19. Nxd5) 17... Bxd5 $1 $11 18. Nxd5 (18. Bxf6 $5 Bxf6 19. Rxd5 $1 {[%mdl 512]} cxd5 20. Bb5 bxc3 21. Bxd7+ Rxd7 22. b3 $14 (22. bxc3 Rb7+ 23. Kc1 O-O $17)) 18... cxd5 {[%cal Bc6d5,Bd5c4][%mdl 32]} 19. g4 {Threatens to win with g5.} Kf8 $1 $36 {[%mdl 2048] Keeping White busy.} 20. c4 {[#]} (20. g5 $17 {is a better defense.} Ne8 21. Bd3) 20... Qe6 $1 $19 {[%cal Re6e5]} (20... hxg4 $6 21. fxg4 Qc6 22. h5 $11) 21. Bc7 {[#]} (21. Bxf6 $17 Qxf6 22. Rd2) 21... Rc8 $1 {[%cal Rc8c7]} 22. Bxa5 dxc4 {And now ...Nd5 would win.} ({Weaker is} 22... hxg4 23. fxg4 Nxg4 24. Bxg4 $17) 23. Bxb4 Nd5 24. Ba3 (24. Rxd5 {was the only chance.} Qxd5 25. Qd2 Qxd2 26. Bxd2) 24... c3 {aiming for ...c2+.Black is winning.} 25. Bd3 {Threatening Qxe6.} cxb2 26. Qxe6 {[%cal Re6c8]} Nc3+ ({Not} 26... fxe6 27. Bxb2 Rb8 28. Rd2 $15) 27. Kxb2 {[%cal Re6c8]} Nxd1+ ({Don't do} 27... fxe6 28. Rc1 $19) 28. Kb3 {[%cal Re6c8]} fxe6 29. Rxd1 Rc3+ {Precision: White = 29%, Black = 60%.} 0-1

[Event "1st Goa GM Open 2018"]
[Site "Taleigao"]
[Date "2018.10.15"]
[Round "4"]
[White "Tukhaev, Adam"]
[Black "Saurabh Anand"]
[Result "1-0"]
[WhiteElo "2556"]
[BlackElo "2303"]
[Annotator "TA"]
[PlyCount "109"]
[EventDate "2018.10.13"]
[EventType "swiss"]
[EventCountry "IND"]
[SourceTitle "playchess.com"]
[Source "ChessBase"]
[SourceQuality "1"]

{[%evp 24,109,31,14,68,43,78,78,82,87,96,74,80,67,216,207,245,260,257,241,235,260,251,252,247,245,305,200,215,200,237,234,265,258,306,307,301,291,279,99,275,279,286,275,286,293,276,283,296,293,412,342,409,423,421,388,770,763,763,741,640,634,627,627,611,611,29977,29978,29978,29979,29979,29980,29981,29982,29983,29984,29984,29985,29985,29986,29986,29987,29987,29986,29986,29987,29987,29988]} 1. e4 e5 2. Nf3 Nc6 3. Bb5 a6 4. Ba4 Nf6 5. O-O Be7 6. Re1 b5 7. Bb3 d6 8. c3 O-O 9. h3 Na5 10. Bc2 c5 11. d4 Nd7 12. a4 Bb7 {C96: Closed Ruy Lopez: Chigorin Defence: 11 d4, replies other than 11...Qc7} (12... b4 13. Nbd2 Rb8 14. Nf1 b3 15. Bd3 exd4 16. cxd4 c4 17. Be2 c3 18. Ng3 Nf6 19. Bd3 Nc6 20. d5 {0-1 (37) Quesada Perez,Y (2627)-Caruana,F (2811) chess.com INT 2018}) 13. d5 {LiveBook: 40 Games} g6 ({Black should play} 13... Qc7 $11) 14. Nfd2 $146 ({Predecessor:} 14. Bh6 Re8 15. axb5 axb5 16. b3 Bf8 17. Be3 Bg7 18. Nbd2 Rf8 19. Nf1 Rb8 20. g4 {1-0 (44) Meenal,G (1963)-Kanakova,N (2201) Manavgat 2018}) 14... Nb6 {White is slightly better.} 15. b4 cxb4 16. cxb4 Nac4 17. Nxc4 Nxc4 18. Bd3 f5 (18... Qb6 $14) 19. exf5 $18 gxf5 {[#]} 20. Bxf5 $1 {[%mdl 512]} Bc8 (20... Rxf5 $6 21. Qg4+ Kh8 22. Qxf5 $18) 21. Bxc8 (21. Qg4+ Kh8 $16) 21... Qxc8 22. axb5 axb5 23. Rxa8 Qxa8 24. Nc3 {[%cal Bb1c3,Bc3e4,Be4g5,Bg5f7][%mdl 32]} ({Don't play} 24. Qg4+ $6 Kh8 $16) 24... Qb7 25. Ne4 {And now Bh6 would win.} ({Not} 25. Qg4+ Kh8 $16) 25... Kh8 26. Qd3 Qd7 27. Bh6 Rg8 28. Ra1 Qf5 {intending ...Qg6.} 29. Ng5 Qg6 30. Qxg6 hxg6 31. Nf7+ Kh7 32. Ra7 Re8 33. Bg5 Bxg5 34. Nxg5+ {[%mdl 4096] Endgame KRN-KRN} Kg8 35. Ne4 Rd8 36. Rb7 Na3 (36... Ra8 $142 37. Kh2 Ra2) 37. h4 Rf8 38. Nxd6 Rf4 39. Nxb5 Rxb4 $2 (39... Nxb5 40. Rxb5 Rxh4) 40. d6 ({Weaker is} 40. Nxa3 Rxb7 41. Nc4 Rb5 $11) 40... Nxb5 {KRN-KR} 41. Rb8+ Kf7 42. d7 Rd4 43. d8=Q Rxd8 44. Rxd8 Nd4 {[#]} 45. Rxd4 $1 {White mates.} exd4 {K3P-KPP} 46. Kf1 Ke6 47. Ke2 Ke5 48. Kd3 Kd5 49. f4 Ke6 50. g4 {[%cal Bg2g4,Bg4h5][%mdl 32]} Kd5 51. h5 gxh5 52. gxh5 Ke6 53. Kxd4 Kf5 54. Kd5 Kf6 55. Ke4 {Precision: White = 91%, Black = 39%.} 1-0

[Event "1st Goa GM Open 2018"]
[Site "Taleigao"]
[Date "2018.10.15"]
[Round "4"]
[White "Bernadskiy, Vitaliy"]
[Black "Bhambure, Shantanu"]
[Result "1-0"]
[WhiteElo "2547"]
[BlackElo "2243"]
[Annotator "TA"]
[PlyCount "75"]
[EventDate "2018.10.13"]
[EventType "swiss"]
[EventCountry "IND"]
[SourceTitle "playchess.com"]
[Source "ChessBase"]
[SourceQuality "1"]

{[%evp 12,75,25,0,0,-4,0,-6,-1,-7,-10,-14,-18,-14,-16,-31,0,0,-8,-14,0,0,0,0,0,0,0,0,0,-25,-15,-15,-14,-14,0,-8,0,0,0,0,13,0,22,15,37,29,42,26,21,27,33,33,89,123,129,122,480,462,454,428,4631,4618,29981,29982,29981,29983]} 1. e4 c6 2. Nf3 d5 3. Nc3 Bg4 4. h3 Bxf3 5. Qxf3 Nf6 6. d3 e6 7. a3 d4 {B11: Caro-Kann: Two Knights Variation} (7... Qb6 8. g4 h6 9. Qg3 Nbd7 10. Bg2 O-O-O 11. O-O h5 12. g5 Ne8 13. h4 g6 14. b4 Bd6 15. Qh3 {1-0 (28) Lu,S (2599)-Wang,H (2712) Baku 2015 CBM 169 [CB]}) 8. Ne2 c5 9. g4 Nc6 {The position is equal.} 10. Ng3 Qc7 $146 ({Predecessor:} 10... g6 11. h4 h5 12. g5 Nd7 13. Qg2 e5 14. f4 exf4 15. Ne2 {½-½ (53) Bulski,K (2538)-Parligras,M (2576) Warsaw 2013}) 11. Nh5 Nxh5 12. gxh5 O-O-O 13. Qg3 Qxg3 14. fxg3 Bd6 15. Kf2 g6 16. Be2 Rhg8 17. hxg6 Rxg6 18. g4 Ne5 19. Bd2 Be7 20. Kg3 Bg5 21. Bxg5 Rxg5 22. Rhf1 Rdg8 23. b4 R5g6 24. Kf4 Nd7 25. Kg3 f6 26. Rac1 cxb4 27. axb4 h5 28. c3 $36 {[%mdl 2048] White has good play.} dxc3 29. Rxc3+ Kb8 30. d4 hxg4 31. Bxg4 Rg5 (31... Rh8 $14) 32. Kh2 $16 f5 33. exf5 Nf6 $2 {[%mdl 8192]} (33... Rh8 $16 {is more resistant.}) 34. fxe6 $18 {[%cal Bf5e6,Be6e7][%mdl 32]} Nxg4+ 35. hxg4 {[#] Hoping for e7.} Rxg4 (35... Re8 $142 36. Kg3 Rd5) 36. e7 {White wants to mate with Rf8+.} Re8 37. Rf8 {[%cal Rf8e8]} Rg8 38. Rxg8 {Precision: White = 67%, Black = 37%.} 1-0

[Event "1st Goa GM Open 2018"]
[Site "Taleigao"]
[Date "2018.10.15"]
[Round "4"]
[White "Sivuk, Vitaly"]
[Black "Rakesh Kumar Jena"]
[Result "1-0"]
[WhiteElo "2545"]
[BlackElo "2388"]
[Annotator "TA"]
[PlyCount "49"]
[EventDate "2018.10.13"]
[EventType "swiss"]
[EventCountry "IND"]
[SourceTitle "playchess.com"]
[Source "ChessBase"]
[SourceQuality "1"]

{[%evp 16,49,57,13,52,52,65,76,51,58,95,89,99,87,106,80,70,75,90,87,76,83,89,81,90,84,87,91,128,114,236,235,355,356,377,375]} 1. d4 Nf6 2. c4 e6 3. g3 d5 4. Nf3 Be7 5. Bg2 O-O 6. O-O c6 7. Qc2 Nbd7 8. Nbd2 Re8 9. Rd1 {LiveBook: 17 Games} a5 {E09: Closed Catalan: Main Line: 7 Qc2 c6 8 Nbd2} (9... Qc7 10. e4 dxe4 11. Nxe4 e5 12. dxe5 Nxe5 13. Bf4 Nxf3+ 14. Bxf3 Qa5 15. Bd6 Qf5 16. Qe2 Be6 17. Bxe7 Rxe7 {½-½ (45) Maslik,M (2357)-Vass,F (2322) Slovakia 2018}) 10. e4 dxe4 11. Nxe4 Nxe4 {White is better.} 12. Qxe4 Bf6 13. Bf4 a4 14. Ne5 $146 ({Predecessor:} 14. Rab1 Qe7 15. Rd2 Nf8 16. Bf1 Ng6 17. Be5 b6 18. Bxf6 gxf6 19. Re1 {1-0 (65) Kortschnoj,V-Tseshkovsky,V Sochi (Russia) 1970}) 14... Bg5 15. h4 Bxf4 16. Qxf4 f6 17. Nd3 Qe7 18. Re1 $36 {[%mdl 2048] White has strong initiative.} e5 19. Qe3 Nb6 20. Rac1 {[%cal Rd4e5]} (20. dxe5 $6 Nxc4 21. Qe4 Qf7 $11) 20... Bf5 21. d5 Bxd3 22. Qxd3 ({Don't do} 22. Qxb6 $6 Ra6 $14) 22... cxd5 {[#]} (22... Rad8 $16 {keeps fighting.}) 23. c5 $1 $18 {[%cal Rc5b6]} ({Not} 23. cxd5 Red8 $16) 23... Nd7 (23... Nc8 $142 24. Qxd5+ Kf8) 24. Qxd5+ Kf8 25. Red1 {Precision: White = 82%, Black = 48%.} 1-0

[Event "1st Goa GM Open 2018"]
[Site "Taleigao"]
[Date "2018.10.15"]
[Round "4"]
[White "Karthik Venkataraman"]
[Black "Ramnathan, Balasubramaniam"]
[Result "1/2-1/2"]
[WhiteElo "2525"]
[BlackElo "2142"]
[Annotator "TA"]
[PlyCount "85"]
[EventDate "2018.10.13"]
[EventType "swiss"]
[EventCountry "IND"]
[SourceTitle "playchess.com"]
[Source "ChessBase"]
[SourceQuality "1"]

{[%evp 18,85,44,22,36,32,104,92,100,98,98,110,92,58,52,15,16,15,10,-9,18,4,4,0,0,0,8,0,0,0,0,0,0,0,0,-19,-20,-11,0,-20,0,-59,0,0,0,-7,-7,-7,-8,-8,-8,-13,0,0,0,0,0,0,0,-5,-8,-5,-8,-19,0,0,0,-18,0,0]} 1. e4 e5 2. Nf3 Nf6 3. Nc3 Nc6 4. Bb5 Bb4 5. O-O O-O 6. d3 Bxc3 7. bxc3 d6 8. Bg5 Ne7 9. Nh4 Ng6 10. Bc4 {LiveBook: 3 Games. C49: Four Knights: 4 Bb5 Bb4} Nxh4 (10... Nf4 11. Bb3 a5 12. a3 a4 13. Ba2 Be6 14. Bxf4 exf4 15. Nf3 Bg4 16. Rb1 b6 17. h3 {½-½ (30) Mamedov,N (2602)-Kotsur,P (2550) Al Ain 2012}) 11. Bxh4 Qe8 $146 (11... Be6 $14) ({Predecessor:} 11... h6 12. Bxf6 Qxf6 13. Qd2 Be6 14. Bb3 g5 15. f3 a5 16. a3 Kh7 17. Rf2 {½-½ (36) Koscielski,J (2354)-Bibik,J (2208) Pardubice 2017}) 12. f4 {White is better.} Be6 13. Bxf6 gxf6 14. Qh5 {[#] And now Qh6 would win.} Kh8 15. fxe5 Bxc4 16. exf6 Rg8 17. dxc4 {Rf4 is the strong threat.} Qxe4 {[%csl Gg8][%cal Re4g2] [#]} 18. Rf2 (18. g3 {with more complications.} Qe3+ 19. Kg2 Qxc3 20. Qxf7 Rae8 21. Qh5) 18... Rg6 (18... Qxc4 {feels hotter.} 19. Qf3 Rae8 20. Qxb7 Qxc3 21. Raf1 Qc5) 19. Qd5 Qxd5 20. cxd5 $11 {[%mdl 4096] Endgame KRR-KRR} Re8 21. Kf1 h6 22. Re1 Rxe1+ 23. Kxe1 {KR-KR} Kh7 24. Re2 Rg4 25. Kd2 Kg6 26. Kd3 Kxf6 27. c4 c6 28. g3 h5 29. Re4 (29. Rf2+ $11 Kg6 30. dxc6 bxc6 31. Kc3) 29... c5 ({Black should play} 29... cxd5 $1 $15 30. cxd5 Rxe4 31. Kxe4 b5) 30. Ke3 {Threatens to win with Rxg4.The position is equal.} Kf5 31. Re7 Rxc4 32. Rxf7+ Ke5 33. Rh7 Kxd5 34. Rxh5+ Ke6 35. Rh6+ Ke5 36. Rh5+ Ke6 37. Rh6+ Ke5 38. Kd3 Ra4 39. Rh5+ Ke6 40. Rh6+ Ke5 41. Rh5+ Ke6 42. Rh6+ Ke5 43. Rh5+ {Precision: White = 60%, Black = 55%.} 1/2-1/2

[Event "1st Goa GM Open 2018"]
[Site "Taleigao"]
[Date "2018.10.15"]
[Round "4"]
[White "Anurag, Mhamal"]
[Black "Deshpande, Aniruddha"]
[Result "1-0"]
[WhiteElo "2495"]
[BlackElo "2213"]
[Annotator "ChessBase"]
[PlyCount "109"]
[EventDate "2018.10.13"]
[EventType "swiss"]
[EventCountry "IND"]
[SourceTitle "playchess.com"]
[Source "ChessBase"]
[SourceQuality "1"]
[TimeControl "5400+30"]

1. d4 Nf6 2. c4 c5 3. d5 e6 4. g3 exd5 5. cxd5 d6 6. Nc3 g6 7. Bg2 Bg7 8. Nf3 O-O 9. O-O Re8 10. Bf4 Nh5 11. Bg5 Qb6 12. Qc1 Nd7 13. h3 Ne5 14. Nxe5 Bxe5 15. g4 Nf6 16. e3 Nd7 17. Rb1 a6 18. Ne4 Qc7 19. f4 Bg7 20. f5 b5 21. Qe1 Bb7 22. fxg6 hxg6 23. Rd1 Rxe4 24. Bxe4 Re8 25. Rxf7 Kxf7 26. Qf2+ Nf6 27. Bxg6+ Kxg6 28. Qf5+ Kf7 29. Bxf6 Kg8 30. Rf1 Qf7 31. Qg5 Rf8 32. Rf5 Qxf6 33. Rxf6 Rxf6 34. Qh5 Rf7 35. g5 Re7 36. g6 Bc8 37. Qg5 Re8 38. h4 Bxb2 39. Qf4 Rf8 40. Qh6 Rf3 41. Kg2 Bg4 42. Qg5 Be5 43. Qxg4 Rg3+ 44. Qxg3 Bxg3 45. Kxg3 b4 46. Kf3 a5 47. Ke2 Kg7 48. h5 c4 49. Kd2 a4 50. e4 a3 51. Kc2 Kf6 52. e5+ dxe5 53. d6 e4 54. d7 Ke7 55. g7 1-0

[Event "1st Goa GM Open 2018"]
[Site "Taleigao"]
[Date "2018.10.15"]
[Round "4"]
[White "Neverov, Valeriy"]
[Black "Kravtsiv, Martyn"]
[Result "1/2-1/2"]
[WhiteElo "2488"]
[BlackElo "2654"]
[Annotator "TA"]
[PlyCount "87"]
[EventDate "2018.10.13"]
[EventType "swiss"]
[EventCountry "IND"]
[SourceTitle "playchess.com"]
[Source "ChessBase"]
[SourceQuality "1"]

{[%evp 24,87,6,0,0,-25,-23,-34,-18,-17,-18,-25,6,-25,0,0,27,27,16,0,59,66,51,52,60,23,32,22,7,11,23,6,58,52,41,29,62,0,57,23,28,35,38,38,37,35,35,35,155,0,0,0,11,11,11,11,11,7,9,0,0,0,6,0,0,0]} 1. d4 Nf6 2. c4 e6 3. Nf3 b6 4. g3 Ba6 5. b3 d5 6. cxd5 exd5 7. Bg2 Bb4+ 8. Bd2 Be7 9. Nc3 O-O 10. O-O Re8 11. Rc1 {E15: Queen's Indian: 4 g3 sidelines, 4 g3 Ba6 and 4 g3 Bb7 early deviations} (11. Re1 Bb7 12. Qc2 Na6 13. Rac1 c5 14. Red1 Ne4 15. Be1 Qc8 16. dxc5 Nxc3 17. Bxc3 bxc5 18. Qb2 Bf8 {½-½ (32) Abasov,N (2623)-Jakovenko,D (2749) Ankara 2018}) 11... Nbd7 12. Ne5 Bb7 13. Bg5 {LiveBook: 5 Games} c6 14. Nxd7 Qxd7 15. Rc2 $146 ({Predecessor:} 15. Bxf6 Bxf6 16. Qd3 a5 17. Rfd1 Ba6 18. Qf3 Bg5 19. Rc2 b5 20. e3 {½-½ (45) Williams,L-Delion,H Port of Spain 1999}) 15... h6 16. Bxf6 Bxf6 17. e3 Rad8 18. Qh5 Qe7 19. Rfc1 Qf8 20. Ne2 g6 21. Qf3 Be7 (21... Rd6 $11) 22. Rxc6 $14 Bxc6 23. Rxc6 Rc8 24. Rxc8 Rxc8 25. Nf4 Rc1+ 26. Bf1 Qc8 27. Kg2 Kg7 (27... Ra1 $11) 28. Nxd5 Bd8 29. Bd3 Ra1 30. Bc4 (30. Nc3 $14) 30... Qb7 ({Better is} 30... b5 $11 31. Ne7 (31. Bxb5 Qc1 $11) 31... Bxe7 32. Qxf7+ Kh8 33. Qxe7 bxc4 34. Qf6+ Kh7 35. Qf7+ Kh8) 31. a4 a6 $1 32. Qe4 {Threatens to win with Qe5+.} b5 $1 {[%cal Rb5c4]} 33. axb5 axb5 34. Bd3 Qc6 35. Qe5+ ({Don't play} 35. Kf3 Ra3 $15) 35... Kh7 {[#]} (35... f6 $14 36. Qe4 f5 37. Qe5+ Kf7) 36. Be4 $2 (36. Bxb5 $1 $16 {[%mdl 512]} Qb7 (36... Qxb5 37. Nf6+) 37. e4) 36... Qc1 $11 {The position is equal.} 37. Qe8 $1 {[%csl LRb5,LRd8,LRf7]} Kg7 38. Qxd8 {White wants to mate with Qf6+.} Qh1+ 39. Kh3 {Qf6+ would kill now.} Qxe4 40. Qf6+ Kg8 $132 {[%mdl 2048] Black puts up resistance} 41. Qd8+ Kg7 42. Qf6+ Kg8 43. Qd8+ Kg7 44. Qf6+ {Precision: White = 55%, Black = 42%.} 1/2-1/2

[Event "1st Goa GM Open 2018"]
[Site "Taleigao"]
[Date "2018.10.15"]
[Round "4"]
[White "Kunte, Abhijit"]
[Black "Jaeel Atharva"]
[Result "1-0"]
[WhiteElo "2484"]
[BlackElo "2130"]
[Annotator "TA"]
[PlyCount "61"]
[EventDate "2018.10.13"]
[EventType "swiss"]
[EventCountry "IND"]
[SourceTitle "playchess.com"]
[Source "ChessBase"]
[SourceQuality "1"]

{[%evp 14,61,22,15,210,210,198,208,199,212,202,209,211,212,239,235,250,244,243,233,233,224,243,243,329,309,381,380,350,307,310,285,406,419,401,403,645,638,622,621,605,516,516,516,515,508,507,500,499,493]} 1. d4 Nf6 2. c4 e6 3. g3 d5 4. Nf3 Be7 5. Bg2 O-O 6. O-O dxc4 7. Qc2 b6 {E05: Open Catalan: 5 Nf3 Be7} (7... c6 8. Qxc4 b5 9. Qc2 Bb7 10. Nc3 Nbd7 11. Rd1 Qb6 12. Ne5 Rfd8 13. Be3 Nd5 14. Nxd5 cxd5 15. Rac1 Rac8 16. Qd3 b4 17. Rxc8 Bxc8 {½-½ (41) So,W (2799)-Mamedyarov,S (2809) Berlin 2018}) 8. Bg5 {LiveBook: 51 Games} Bb7 $2 {[#]} (8... Ba6 $11) 9. Bxf6 $1 $18 Bxf6 {[#]White is clearly better.} 10. Ng5 $1 {[%mdl 512]} Bxg5 11. Bxb7 Nd7 12. Bxa8 Qxa8 13. Qxc4 c5 14. Nc3 cxd4 15. Qxd4 Nc5 $146 16. Rfd1 Bf6 17. Qe3 Rc8 18. Rac1 h6 19. b4 Na6 20. Ne4 Be7 21. a3 Nc7 22. Qf3 {Strongly threatening Rxc7!} Nd5 (22... Ne8 $142 23. Qd3 Kf8) 23. Nc3 {[%cal Be4c3,Bc3b5,Bb5a7][%mdl 32]} Nf6 24. Nb5 a5 {[#]} (24... Qb8 $142 25. Rxc8+ Qxc8 26. Nxa7 Qc2) 25. Na7 $1 {[%mdl 512] White is clearly winning.} Re8 (25... Qxa7 26. Rxc8+) 26. Qxa8 Rxa8 27. Rc8+ Rxc8 28. Nxc8 Kf8 29. Nxe7 Kxe7 30. bxa5 bxa5 31. Rd4 {Precision: White = 100%, Black = 28%.} 1-0

[Event "1st Goa GM Open 2018"]
[Site "Taleigao"]
[Date "2018.10.15"]
[Round "4"]
[White "Babujian, Levon"]
[Black "Sahil, Tickoo"]
[Result "1-0"]
[WhiteElo "2456"]
[BlackElo "2217"]
[Annotator "TA"]
[PlyCount "58"]
[EventDate "2018.10.13"]
[EventType "swiss"]
[EventCountry "IND"]
[SourceTitle "playchess.com"]
[Source "ChessBase"]
[SourceQuality "1"]

{[%evp 33,58,24,34,0,17,0,0,0,8,0,0,0,0,0,0,-4,13,16,41,27,135,139,173,165,195,193,593]} 1. d4 d5 2. c4 e6 3. Nc3 Nf6 4. Nf3 Be7 5. Bg5 h6 6. Bh4 Nbd7 7. e3 Ne4 8. Bxe7 Qxe7 9. Rc1 Nxc3 10. Rxc3 c6 11. Be2 O-O 12. O-O dxc4 13. Bxc4 b6 14. Bd3 c5 15. Be4 {D56: Queen's Gambit Declined: Lasker Defence} (15. Qc2 Bb7 16. Bh7+ Kh8 17. Be4 cxd4 18. Nxd4 Bxe4 19. Qxe4 Nc5 20. Qc2 a5 21. h3 Qb7 22. Rc1 Rfd8 {½-½ (39) Akobian,V (2647)-Fridman,D (2636) Saint Louis 2018}) 15... Rb8 16. Qa4 Bb7 17. Bxb7 Rxb7 {LiveBook: 22 Games} 18. Qa6 Nb8 19. Qe2 $146 ({Predecessor:} 19. Qc4 Rc7 20. dxc5 {½-½ (20) Perdomo,L (2447)-Umetsubo,C (2415) Concordia 2018}) 19... cxd4 20. Nxd4 Rc7 21. Rxc7 Qxc7 22. Nb5 Qb7 23. Rd1 a6 24. Nd6 Qe7 25. e4 $36 {[%mdl 2048] White is pushing.} f6 26. Qe3 Qc7 (26... Nd7 $11 {keeps the balance.}) 27. Qb3 $16 {White is clearly better.} Qe7 28. Qxb6 Rd8 29. h3 Nd7 $2 {Precision: White = 68%, Black = 35%.} (29... Kh7 {is more resistant.} 30. Rd2 Qf8) 1-0